Úvahy nad zdaňováním neziskových organizací

Rôzne možnosti štátnej podpory činnosti verejného sektora. Otázka daňových úľav a exempcií u neziskových organizácií. Otázka zisku, zdaňovania nehnuteľností, daň dedičská a daň darovacia. Ekonomika filantropie - daňové zvýhodňovanie darcov, ktorí svojimi darmi prispievajú na rozvoj organizácií.

Saved in:
Bibliographic Details
Main Author: Klusoň, Václav
Format: Book Chapter
Language:Czech
Subjects:
Tags: Add Tag
No Tags, Be the first to tag this record!

MARC

LEADER 00000naa a2200000 4500
001 r015373
005 20221213082743.8
041 0 |a cze 
044 |a CZ 
245 1 0 |a Úvahy nad zdaňováním neziskových organizací  |c Václav Klusoň 
520 |a Rôzne možnosti štátnej podpory činnosti verejného sektora. Otázka daňových úľav a exempcií u neziskových organizácií. Otázka zisku, zdaňovania nehnuteľností, daň dedičská a daň darovacia. Ekonomika filantropie - daňové zvýhodňovanie darcov, ktorí svojimi darmi prispievajú na rozvoj organizácií. 
610 2 0 |a organizácie neziskové 
610 2 0 |a dane 
610 2 0 |a dane zo zisku 
610 2 0 |a dane z nehnuteľností 
610 2 0 |a dane z dedičstva 
610 2 0 |a sektor verejný 
100 1 |a Klusoň, Václav